00869nam a2200265 a 4500001001300000003000900013005001700022008004100039020002600080082001600106100002400122245007900146260006000225300000900285500003500294505001000329650002200339650001900361650004000380700002400420902000800444942000700452952012900459999001500588nice12345678IN_TiNIC20260116012255.0050524s1985 chaa grp 000 0 eng  a0807896 c655.6500a297.63bSCH aSchimmel, Annemarie aAnd Muhammad Is His Messengerb Veneration of the Prophet in Islamic Piety aChapel Hill bUniversity of North Carolina Press c1985 a277p aincludes index and biblioraphy2 aIndex aMuhammad, Prophet aPoetry-Islamic aIslamic-Poetry-history and Criticis1 aSchimmel, Annemarie bSRS cBK 001040708StackRoom-aHMIbHMId2013-07-31g655.65l2o297.63 SCHp014919r2023-01-30s2023-01-20v655.65w2005-05-24yBK c6344d6344